000 00440nam a22001577a 4500
005 20240108130951.0
008 190503b xxu||||| |||| 00| 0 eng d
020 _a978-93-86943-15-6
041 _aeng
100 _aWALODE, DR, SANJAY G AND FIRAKE, BHUSHAN .M
_98306
245 _aEXPERIMENTASL PGARMACEUTICAL ANALYSIS -I (VOLUMETRIC)
250 _a2 nd , Ed. 2019
260 _aPUNE
_bNIRALI PRAKASHAN
300 _aG.6, p,
942 _cBK
999 _c5846
_d5844